00979nab a22002057a 4500003000400000005001700004008004100021040000700062100002500069245011500094260007300209300001500282500007100297505010800368505008900476650002900565650001500594650003200609773013200641OSt20251226220442.0190603e xxum|||| |||| 00| 0 spa d cPJ aCaamaño, Carlos R.13aEl deber de confidencialidad tutelado en el Código Civil y Comercial de la Nación /cCarlos R. Caamaño.  cCiudad Autónoma de Buenos Aires :aThomson Reuters La Ley, b2025. ap. 253-260 aCita: TR LALEY AR/DOC/1039/2025 Publicado en: RCCyC 2025 (junio). aSumario: I. Introducción.— II. Preguntas frecuentes. Respuestas valorativas.— III. Conclusión.  t¿Te interesa el texto completo? Solicitalo al correo: koha@justierradelfuego.gov.ar 0aCODIGO CIVIL Y COMERCIAL 0aCONTRATOS  0aRESPONSABILIDAD CONTRACTUAL0 02713dCiudad Autónoma de Buenos Aires : Thomson Reuters La Ley, 2015-tRevista Código Civil y Comercial. Nº 3 - Junio 2025